[Event "FIDE World Bl Team Pool A"]
[Site "London ENG"]
[Date "2025.06.14"]
[Round "10.6"]
[White "Phulpin, Theo"]
[Black "McCallum, Elliot"]
[Result "0-1"]
[WhiteElo "1773"]
[BlackElo "1924"]
[WhiteTeam "Knight Dance"]
[BlackTeam "¡Ållez-Y Initiative!"]
[WhiteFideId "36001600"]
[BlackFideId "2645718"]
[EventDate "2025.06.14"]
[EventType "team"]

1. d4 d5 2. Bf4 c5 3. c3 Nc6 4. Qd2 Nf6 5. e3 Ne4 6. Qc2 Bf5 7. f3 Ng3 8. Bd3
Bxd3 9. Qxd3 Nxh1 10. Nd2 e6 11. O-O-O Nf2 12. Qe2 Nxd1 13. Qxd1 Bd6 14. Bxd6
Qxd6 15. dxc5 Qxc5 16. e4 dxe4 17. Nxe4 Qe3+ 18. Kc2 O-O 19. Ne2 Rfd8 20. Qe1
Qd3+ 21. Kc1 Rac8 22. Nf4 Qd7 23. Nh5 Kh8 24. b3 Nb4 25. Qg3 Qd1+ 26. Kb2 Qc2+
27. Ka3 Qxa2+ 28. Kxb4 a5+ 29. Kb5 Qxb3+ 30. Kxa5 Ra8# 0-1

[Event "FIDE World Bl Team Pool A"]
[Site "London ENG"]
[Date "2025.06.14"]
[Round "10.1"]
[White "Nihal, Sarin"]
[Black "Hong, Andrew"]
[Result "0-1"]
[WhiteTitle "GM"]
[BlackTitle "GM"]
[WhiteElo "2696"]
[BlackElo "2589"]
[WhiteTeam "Ashdod Elit Chess Club"]
[BlackTeam "FIDE MB Team"]
[WhiteFideId "25092340"]
[BlackFideId "2099438"]
[EventDate "2025.06.14"]
[EventType "team"]

1. d4 Nf6 2. Nf3 d5 3. e3 c5 4. Be2 Nc6 5. O-O Bf5 6. dxc5 e6 7. a3 a5 8. Nd4
Bxc5 9. Nxf5 exf5 10. Nc3 O-O 11. Bf3 Ne7 12. b3 Bd6 13. Bb2 Be5 14. Qc1 Qc7 15.
Nb5 Bxh2+ 16. Kh1 Qd7 17. Bxf6 gxf6 18. Kxh2 Qxb5 19. Qb2 Qb6 20. Rad1 Rfd8 21.
g3 Rac8 22. Kg2 Kg7 23. Rh1 h6 24. Rh5 Rd6 25. Rd4 Qc5 26. c4 b5 27. b4 axb4 28.
axb4 Qxc4 29. Rxc4 dxc4 30. Rh1 c3 31. Qb3 Rd2 32. Rc1 c2 33. e4 Ng6 34. Qe3
Rcd8 35. exf5 Ne5 36. Rh1 Kf8 37. Be4 Ng4 38. Qc5+ Kg7 39. Bxc2 Re8 40. Rf1 Ree2
41. Bd1 Ne3+ 42. Kh3 Nxd1 0-1

[Event "FIDE World Bl Team Pool A"]
[Site "London ENG"]
[Date "2025.06.14"]
[Round "10.2"]
[White "Short, Nigel D"]
[Black "Moiseenko, Alexander"]
[Result "0-1"]
[WhiteTitle "GM"]
[BlackTitle "GM"]
[WhiteElo "2587"]
[BlackElo "2568"]
[WhiteTeam "FIDE MB Team"]
[BlackTeam "Ashdod Elit Chess Club"]
[WhiteFideId "400025"]
[BlackFideId "14102560"]
[EventDate "2025.06.14"]
[EventType "team"]

1. e4 c5 2. Nf3 Nc6 3. d4 cxd4 4. Nxd4 e5 5. Nb3 Nf6 6. Bg5 Bb4+ 7. c3 Be7 8.
Bxf6 Bxf6 9. g3 O-O 10. h4 d6 11. Na3 Be6 12. Bg2 Qd7 13. Nc2 a5 14. Ne3 a4 15.
Nd2 a3 16. b4 Ne7 17. O-O d5 18. exd5 Nxd5 19. Nxd5 Bxd5 20. Ne4 Rfd8 21. Nxf6+
gxf6 22. Bxd5 Qxd5 23. Qg4+ Kh8 24. Rfd1 Qe6 25. Qf3 e4 26. Qf4 Rac8 27. h5 Qe5
28. Qxe5 fxe5 29. Rxd8+ Rxd8 30. c4 Kg7 31. c5 Rd2 32. Rc1 Rxa2 33. b5 Rb2 34.
c6 bxc6 35. bxc6 Rb8 36. c7 Rc8 37. Rc6 a2 38. h6+ Kf8 39. Ra6 Rxc7 40. Rxa2 Ke7
41. Ra5 Kf6 42. Ra6+ Kg5 43. Kf1 f5 44. Ke2 Rc2+ 45. Ke1 Kg4 46. Rf6 f4 47. gxf4
exf4 48. Rf7 Kf3 49. Rxh7 Re2+ 50. Kd1 Rxf2 51. Rf7 Rf1+ 52. Kc2 Rh1 53. h7 e3
54. Kd3 e2 0-1

[Event "FIDE World Bl Team Pool A"]
[Site "London ENG"]
[Date "2025.06.14"]
[Round "10.3"]
[White "Gledura, Benjamin"]
[Black "Bologan, Victor"]
[Result "1-0"]
[WhiteTitle "GM"]
[BlackTitle "GM"]
[WhiteElo "2668"]
[BlackElo "2601"]
[WhiteTeam "Ashdod Elit Chess Club"]
[BlackTeam "FIDE MB Team"]
[WhiteFideId "712779"]
[BlackFideId "13900048"]
[EventDate "2025.06.14"]
[EventType "team"]

1. g3 e5 2. Nf3 d6 3. c4 f5 4. Nc3 Nf6 5. d4 e4 6. Nh4 g6 7. Bg5 Be7 8. e3 c6 9.
Bxf6 Bxf6 10. Ng2 Be6 11. h4 Nd7 12. Nf4 Bf7 13. Qc2 a6 14. Be2 Qe7 15. a4 a5
16. b3 Nb8 17. g4 Na6 18. O-O-O Nb4 19. Qd2 Bxh4 20. gxf5 gxf5 21. Bh5 Bg5 22.
Bxf7+ Qxf7 23. Nce2 O-O-O 24. Kb1 h6 25. d5 Qf6 26. Ne6 Rd7 27. N2d4 c5 28. Nb5
Re8 29. Rdg1 Rxe6 30. dxe6 Qxe6 31. Rxg5 hxg5 32. Rh8+ Rd8 33. Nxd6+ Qxd6 34.
Qxd6 Rxh8 35. Qe6+ 1-0

[Event "FIDE World Bl Team Pool A"]
[Site "London ENG"]
[Date "2025.06.14"]
[Round "10.4"]
[White "Stoisavljevic, Sava"]
[Black "Volokitin, Andrei"]
[Result "0-1"]
[WhiteTitle "WFM"]
[BlackTitle "GM"]
[WhiteElo "2125"]
[BlackElo "2626"]
[WhiteTeam "FIDE MB Team"]
[BlackTeam "Ashdod Elit Chess Club"]
[WhiteFideId "913545"]
[BlackFideId "14107090"]
[EventDate "2025.06.14"]
[EventType "team"]

1. d4 Nf6 2. Nf3 g6 3. c4 Bg7 4. Nc3 d5 5. Bg5 Ne4 6. cxd5 Nxg5 7. Nxg5 e6 8.
Qd2 exd5 9. Qe3+ Kf8 10. Qf4 Bf6 11. h4 h6 12. Nf3 Kg7 13. O-O-O Be6 14. Kb1 c5
15. e3 Nc6 16. g4 cxd4 17. exd4 Qb8 18. Qxb8 Raxb8 19. Rg1 h5 20. g5 Bd8 21. Bd3
Bb6 22. Bc2 Rbd8 23. Rge1 Bg4 24. Rd3 Bxf3 25. Rxf3 Nxd4 26. Rd3 Nxc2 27. Kxc2
Bxf2 28. Re7 Bxh4 29. Rf3 Rhf8 30. Rxb7 Bxg5 31. Rxa7 h4 32. Ra5 Rh8 33. Rh3 Bf4
34. Nxd5 Bg3 35. Ne3 f5 36. Nf1 Bf4 37. Ne3 Bxe3 38. Rxe3 h3 0-1

[Event "FIDE World Bl Team Pool A"]
[Site "London ENG"]
[Date "2025.06.14"]
[Round "10.5"]
[White "Osmak, Yuliia"]
[Black "Turlej, Lukasz"]
[Result "1-0"]
[WhiteTitle "IM"]
[WhiteElo "2468"]
[BlackElo "2105"]
[WhiteTeam "Ashdod Elit Chess Club"]
[BlackTeam "FIDE MB Team"]
[WhiteFideId "14101602"]
[BlackFideId "1125680"]
[EventDate "2025.06.14"]
[EventType "team"]

1. b4 Nf6 2. Bb2 e6 3. b5 d5 4. e3 Bd6 5. Nf3 O-O 6. c4 b6 7. Be2 Bb7 8. O-O c5
9. d3 Nbd7 10. a4 a5 11. Nbd2 Qe7 12. Qc2 e5 13. cxd5 Nxd5 14. Nc4 Nb4 15. Qb3
Bc7 16. Nfd2 Rad8 17. Bf3 Bxf3 18. Nxf3 f5 19. Nxb6+ Kh8 20. Nc4 e4 21. dxe4
fxe4 22. Nfd2 Qh4 23. g3 Qg4 24. Qd1 Qe6 25. Qh5 Nd3 26. Bc3 Rf5 27. Qg4 Rg8 28.
Qxe4 Qxe4 29. Nxe4 Rgf8 30. f4 Re8 31. Ned6 Bxd6 32. Nxd6 Rff8 33. Nxe8 Rxe8 34.
Rf3 Nb6 35. Bxa5 Nc4 36. Bc3 Nxe3 37. b6 c4 38. b7 Nd5 39. Be5 Nxe5 40. fxe5 Rb8
41. Rb1 c3 42. a5 c2 43. Rc1 1-0

[Event "FIDE World Bl Team Pool A"]
[Site "London ENG"]
[Date "2025.06.14"]
[Round "10.6"]
[White "Zaiarski, Stepan"]
[Black "Sailaubay, Aldiyar"]
[Result "0-1"]
[WhiteElo "1932"]
[BlackElo "1910"]
[WhiteTeam "FIDE MB Team"]
[BlackTeam "Ashdod Elit Chess Club"]
[WhiteFideId "13907000"]
[BlackFideId "13729357"]
[EventDate "2025.06.14"]
[EventType "team"]

1. d4 Nf6 2. c4 e6 3. g3 d5 4. Bg2 Be7 5. Nf3 O-O 6. O-O dxc4 7. Qc2 a6 8. a4
Bd7 9. Qxc4 Bc6 10. Bg5 Bd5 11. Qd3 Be4 12. Qe3 Nbd7 13. Nc3 Bc6 14. Qd3 h6 15.
Bxf6 Bxf6 16. Rfd1 Nb6 17. e4 Qe8 18. a5 Na4 19. Nxa4 Bxa4 20. Rdc1 Bb5 21. Qd2
c6 22. Rc5 Rd8 23. Qe3 Be7 24. Rh5 Bd6 25. e5 Be7 26. g4 f5 27. exf6 Bxf6 28.
Ne5 Bxe5 29. Rxe5 Rd6 30. Re1 Rf6 31. b3 Qd7 32. Bh3 g5 33. Re4 Qf7 34. Bg2 Kg7
35. h3 Rf4 36. Rxe6 Rxe6 37. Qxe6 Qxe6 38. Rxe6 Rxd4 39. Re7+ Kf6 40. Rxb7 Rd1+
41. Kh2 Rd2 42. Rb6 Rc2 43. b4 Ke5 44. Kg3 Rc3+ 45. Kh2 Rc2 46. Rb8 Rxf2 47. Rh8
Rf6 48. Re8+ Kd4 49. Re4+ Kc3 50. Kg3 Rd6 51. Re5 Kxb4 52. h4 gxh4+ 53. Kxh4 c5
54. Kh5 c4 55. Re4 Kxa5 56. Re1 Kb4 57. Be4 c3 58. Bg6 a5 59. Kxh6 Bd3 60. Kg5
Rxg6+ 61. Kf4 Rd6 62. Ke5 Rd8 63. Rg1 c2 64. g5 Kb3 65. g6 Kb2 66. Rg2 Kb1 67.
g7 c1=Q 68. g8=Q Rxg8 69. Rxg8 Qc3+ 70. Kd6 Qd4+ 71. Ke7 Qe5+ 72. Kf8 Qf6+ 73.
Ke8 Bb5# 0-1

[Event "FIDE World Bl Team Pool A"]
[Site "London ENG"]
[Date "2025.06.14"]
[Round "11.1"]
[White "Nepomniachtchi, Ian"]
[Black "Khoury, Theo"]
[Result "1-0"]
[WhiteTitle "GM"]
[BlackTitle "CM"]
[WhiteElo "2757"]
[BlackElo "2209"]
[WhiteTeam "WR Chess Team"]
[BlackTeam "Chess Trust Accelerators"]
[WhiteFideId "4168119"]
[BlackFideId "480703"]
[EventDate "2025.06.14"]
[EventType "team"]

1. e4 c5 2. Nf3 d6 3. d4 cxd4 4. Nxd4 Nf6 5. Bc4 e6 6. Bd3 Nc6 7. Nxc6 bxc6 8.
O-O Be7 9. c4 O-O 10. Nc3 d5 11. Bf4 Ba6 12. Qe2 d4 13. Na4 c5 14. e5 Nd7 15. b3
Bb7 16. Nb2 h6 17. Be4 Bxe4 18. Qxe4 Bg5 19. Bg3 a5 20. Rad1 Nb6 21. Nd3 Qc7 22.
f4 Be7 23. f5 exf5 24. Rxf5 Qd7 25. Rdf1 a4 26. h3 axb3 27. axb3 Ra3 28. R1f3
Rxb3 29. Rxf7 Rb1+ 30. Kh2 Ra8 31. Qg6 1-0

[Event "FIDE World Bl Team Pool A"]
[Site "London ENG"]
[Date "2025.06.14"]
[Round "11.2"]
[White "Verbytski, Oleg"]
[Black "Vachier-Lagrave, Maxime"]
[Result "0-1"]
[BlackTitle "GM"]
[WhiteElo "1994"]
[BlackElo "2736"]
[WhiteTeam "Chess Trust Accelerators"]
[BlackTeam "WR Chess Team"]
[WhiteFideId "495506"]
[BlackFideId "623539"]
[EventDate "2025.06.14"]
[EventType "team"]

1. e4 c5 2. Nf3 d6 3. d4 cxd4 4. Nxd4 Nf6 5. Nc3 a6 6. Be3 Ng4 7. Bg5 h6 8. Bh4
g5 9. Bg3 Bg7 10. Be2 h5 11. h4 gxh4 12. Bxh4 Nc6 13. Nb3 Be6 14. Qd2 Qb6 15.
Bxg4 hxg4 16. O-O-O Nb4 17. Kb1 Rc8 18. Na4 Qc6 19. Qxb4 Qxc2+ 20. Ka1 Rxh4 21.
Rhe1 Rc4 22. Qxb7 Rxa4 23. Qb8+ Qc8 24. Qb6 Rh5 25. Rc1 Rc5 26. Rxc5 dxc5 27.
Rd1 Rb4 28. Qa7 Bxb3 29. Rd7 Qxd7 30. Qa8+ Qd8 31. Qc6+ Kf8 32. axb3 Qd1+ 33.
Ka2 Qxb3+ 34. Ka1 Qxb2# 0-1

[Event "FIDE World Bl Team Pool A"]
[Site "London ENG"]
[Date "2025.06.14"]
[Round "11.3"]
[White "So, Wesley"]
[Black "Zhao, George"]
[Result "1-0"]
[WhiteTitle "GM"]
[BlackTitle "CM"]
[WhiteElo "2745"]
[BlackElo "2124"]
[WhiteTeam "WR Chess Team"]
[BlackTeam "Chess Trust Accelerators"]
[WhiteFideId "5202213"]
[BlackFideId "494607"]
[EventDate "2025.06.14"]
[EventType "team"]

1. d4 e6 2. c4 Nf6 3. Nc3 d5 4. cxd5 exd5 5. Bg5 c6 6. e3 Bd6 7. Bd3 h6 8. Bh4
O-O 9. Nf3 Re8 10. O-O Bg4 11. Qb3 Qc7 12. Bxf6 Bxf3 13. gxf3 gxf6 14. Rac1 Qe7
15. f4 Kh8 16. Kh1 a5 17. Rg1 Na6 18. Bb1 f5 19. Bxf5 f6 20. Rg6 Qf8 21. Rcg1
Re7 22. Qd1 Rh7 23. R6g3 Qf7 24. Qg4 Nc7 25. Qh4 Rf8 26. Rg6 Rg8 27. Rxg8+ 1-0

[Event "FIDE World Bl Team Pool A"]
[Site "London ENG"]
[Date "2025.06.14"]
[Round "11.4"]
[White "Jakhria, Kushal"]
[Black "Duda, Jan-Krzysztof"]
[Result "0-1"]
[WhiteTitle "CM"]
[BlackTitle "GM"]
[WhiteElo "2011"]
[BlackElo "2725"]
[WhiteTeam "Chess Trust Accelerators"]
[BlackTeam "WR Chess Team"]
[WhiteFideId "497444"]
[BlackFideId "1170546"]
[EventDate "2025.06.14"]
[EventType "team"]

1. d4 Nf6 2. c4 c5 3. d5 g6 4. Nc3 Bg7 5. e4 d6 6. Nf3 O-O 7. Be2 e6 8. O-O exd5
9. exd5 Re8 10. h3 Bf5 11. Nh4 Bd7 12. Nf3 Ne4 13. Nxe4 Rxe4 14. Bd3 Re8 15. Bf4
Qb6 16. Qd2 Na6 17. a3 Re7 18. Rae1 Rae8 19. Rxe7 Rxe7 20. Bg5 Re8 21. Qf4 Bc8
22. Bf6 Bxf6 23. Qxf6 Qd8 24. Qxd8 Rxd8 25. Re1 h6 26. g4 Nc7 27. Re7 Ne8 28.
Kg2 Kf8 29. Re2 Nf6 30. Kg3 Bd7 31. Nd2 b5 32. b3 bxc4 33. Nxc4 Bb5 34. Rd2 Nxd5
35. Bxg6 Bxc4 36. bxc4 Nb6 37. Bd3 d5 38. Be4 d4 39. Bd3 Na4 40. Re2 Rb8 41. Be4
Nc3 42. Re1 Rb3 43. a4 Nxe4+ 0-1

[Event "FIDE World Bl Team Pool A"]
[Site "London ENG"]
[Date "2025.06.14"]
[Round "11.5"]
[White "Kosteniuk, Alexandra"]
[Black "Dicen, Elis Denele"]
[Result "1-0"]
[WhiteTitle "GM"]
[BlackTitle "WFM"]
[WhiteElo "2474"]
[BlackElo "2136"]
[WhiteTeam "WR Chess Team"]
[BlackTeam "Chess Trust Accelerators"]
[WhiteFideId "4128125"]
[BlackFideId "462560"]
[EventDate "2025.06.14"]
[EventType "team"]

1. e4 c5 2. d4 cxd4 3. Qxd4 Nc6 4. Qd3 g6 5. Nc3 Bg7 6. Nf3 d6 7. Be2 Nf6 8. O-O
O-O 9. Nd5 Bd7 10. c3 Rc8 11. Bg5 Nxd5 12. exd5 Ne5 13. Nxe5 Bxe5 14. Qe3 Re8
15. Qxa7 Qc7 16. Qe3 Bg7 17. Rfe1 e6 18. dxe6 Bxe6 19. Qd2 Ra8 20. a4 d5 21. Bb5
Rec8 22. h4 Qc5 23. Be3 Qd6 24. Bd4 h5 25. Bxg7 Kxg7 26. Qd4+ Kg8 27. Re5 Rd8
28. Rae1 Qf8 29. Qb6 Rab8 30. Rxe6 fxe6 31. Rxe6 Qf5 32. Rxg6+ Kf7 33. Rg5 Qe6
34. Rg7+ Kf6 35. Rg6+ Kxg6 36. Qxe6+ Kh7 37. Qf7+ Kh8 38. Bd3 1-0

[Event "FIDE World Bl Team Pool A"]
[Site "London ENG"]
[Date "2025.06.14"]
[Round "11.1"]
[White "Moussard, Jules"]
[Black "Nihal, Sarin"]
[Result "0-1"]
[WhiteTitle "GM"]
[BlackTitle "GM"]
[WhiteElo "2597"]
[BlackElo "2696"]
[WhiteTeam "Knight Dance"]
[BlackTeam "Ashdod Elit Chess Club"]
[WhiteFideId "642908"]
[BlackFideId "25092340"]
[EventDate "2025.06.14"]
[EventType "team"]

1. c4 e5 2. g3 Nf6 3. Bg2 d5 4. cxd5 Nxd5 5. Nc3 Nf6 6. Nf3 Nc6 7. a3 h6 8. O-O
Bd6 9. b4 O-O 10. d3 Re8 11. Bb2 a6 12. Rc1 Bg4 13. Na4 e4 14. dxe4 Nxe4 15. Nd4
Bd7 16. Nxc6 Bxc6 17. Rxc6 bxc6 18. Qc2 Qe7 19. Qxc6 a5 20. Nc3 Nf6 21. Nb5 axb4
22. axb4 Rab8 23. Nxd6 Qxd6 24. Bxf6 Qxc6 25. Bxc6 Re6 26. Bxg7 Rxc6 27. Bd4
Rxb4 28. Be3 Rb2 29. Re1 Rcc2 30. Kf1 Kh7 31. h4 c5 32. Rd1 c4 33. Rd6 Rxe2 34.
Rxh6+ Kg7 35. Rc6 Rbc2 36. Rxc4 Rxf2+ 37. Bxf2 Rxc4 38. Be3 Kg6 39. Bf4 Kf5 40.
h5 Kg4 41. h6 Kf3 42. Ke1 Rc2 43. Kd1 Rh2 44. Ke1 Ke4 45. Kf1 Kf3 46. Ke1 f6 47.
Kd1 Re2 48. Kc1 Ke4 49. Kd1 Kd3 50. Kc1 Re7 51. Kb2 Rb7+ 52. Ka3 Kc4 53. Bd6 Rb6
54. h7 Ra6+ 55. Kb2 Ra8 56. Be7 Rh8 57. Bxf6 Rxh7 58. Bh4 Rf7 59. Bg5 Rf2+ 60.
Kc1 Kd3 61. Bf4 Rg2 62. Kb1 Rc2 63. Be5 Rc5 64. Bf4 Rc2 65. Be5 Re2 66. Bf4 Kc3
67. Bd6 Rc2 68. Bf4 Kb3 69. Bc1 Rg2 70. g4 Rxg4 71. Be3 Rc4 72. Bd2 Rc2 73. Bb4
Rf2 0-1

[Event "FIDE World Bl Team Pool A"]
[Site "London ENG"]
[Date "2025.06.14"]
[Round "11.2"]
[White "Gledura, Benjamin"]
[Black "Van Foreest, Jorden"]
[Result "1/2-1/2"]
[WhiteTitle "GM"]
[BlackTitle "GM"]
[WhiteElo "2668"]
[BlackElo "2687"]
[WhiteTeam "Ashdod Elit Chess Club"]
[BlackTeam "Knight Dance"]
[WhiteFideId "712779"]
[BlackFideId "1039784"]
[EventDate "2025.06.14"]
[EventType "team"]

1. g3 d5 2. c4 d4 3. Nf3 Nc6 4. b4 Nxb4 5. Qa4+ Nc6 6. Ne5 Bd7 7. Nxd7 Qxd7 8.
Na3 Nd8 9. Qa5 Nf6 10. Rb1 e6 11. Bg2 Be7 12. Nb5 b6 13. Nxc7+ Kf8 14. Qa6 Rc8
15. Nb5 Rxc4 16. O-O h5 17. d3 Rc2 18. Qa4 Rxe2 19. Bf4 Nd5 20. Qxd4 a6 21. Nc7
Bc5 22. Qc4 Nxc7 23. d4 Bd6 24. Bxd6+ Qxd6 25. Qxe2 Nb5 26. Rfc1 h4 27. Qc4 h3
28. Bf1 Nxd4 29. Qb4 Qxb4 30. Rxb4 Nf3+ 31. Kh1 b5 32. Rc8 Ke7 33. Ra8 Nc6 34.
Rxh8 Nxb4 35. Ra8 Nxa2 36. Rxa6 Nc3 37. Bxh3 b4 38. Rb6 Nd5 39. Rb7+ Kd6 40. Bg2
Kc6 41. Rb8 Kc7 42. Rb5 Nd4 43. Rc5+ Kd6 44. Rc4 Nc6 45. Be4 f5 46. Bc2 Na5 47.
Rc8 b3 48. Bxb3 Nxb3 49. Rg8 Nf6 50. Rxg7 Nc5 51. Kg2 e5 52. h4 Ne6 53. Rf7 Nd5
54. Rxf5 Ne7 55. Rf7 Ng8 56. g4 Nf4+ 57. Kf3 Ke6 58. Rg7 Nf6 59. h5 N6xh5 60.
gxh5 Nxh5 61. Rg5 Nf6 62. Ke3 Nd5+ 63. Kd3 Nf6 64. f3 Nd7 65. Rg6+ Kf5 66. Rc6
Nf6 67. Rc4 Nd5 68. Rc5 Nf4+ 69. Ke3 Ne6 70. Ra5 Nf4 71. Rb5 Ne6 72. Kd3 Kf4 73.
Kc4 Nd4 74. Rb8 Nxf3 75. Kd5 e4 76. Re8 Nd2 77. Rxe4+ Nxe4 1/2-1/2

[Event "FIDE World Bl Team Pool A"]
[Site "London ENG"]
[Date "2025.06.14"]
[Round "11.3"]
[White "Dardha, Daniel"]
[Black "Eljanov, Pavel"]
[Result "0-1"]
[WhiteTitle "GM"]
[BlackTitle "GM"]
[WhiteElo "2646"]
[BlackElo "2669"]
[WhiteTeam "Knight Dance"]
[BlackTeam "Ashdod Elit Chess Club"]
[WhiteFideId "240990"]
[BlackFideId "14102951"]
[EventDate "2025.06.14"]
[EventType "team"]

1. e4 e5 2. Nf3 Nc6 3. Bc4 Bc5 4. c3 Nf6 5. d4 exd4 6. e5 d5 7. Bb5 Ne4 8. cxd4
Bb6 9. Nc3 O-O 10. Be3 Bg4 11. h3 Bh5 12. Rc1 Ba5 13. O-O Bxc3 14. bxc3 f5 15.
Be2 f4 16. Bd2 Qd7 17. Rb1 Na5 18. Be1 b6 19. Nh2 Bxe2 20. Qxe2 Nc4 21. f3 Ng5
22. Bf2 Ne6 23. Rfe1 a5 24. Nf1 Qa4 25. Rb3 b5 26. Reb1 Rfb8 27. Qd3 b4 28. cxb4
axb4 29. Qf5 Ra6 30. h4 Rab6 31. Ra1 Qd7 32. h5 Qf7 33. Qg4 h6 34. Rab1 Na5 35.
R3b2 Nc6 36. Rd2 Ne7 37. Rc1 Nf5 38. Rcc2 Ra8 39. Rb2 Ra4 40. Rb3 Rba6 41. Rdb2
Nfxd4 42. Bxd4 Nxd4 43. Rxb4 Rxb4 44. Rxb4 Ne6 45. a4 c5 46. Rb8+ Kh7 47. Qh4
Rxa4 48. Rb6 Ra1 49. Qg4 Nf8 50. e6 Qe7 51. Qf5+ Kg8 52. Rb8 Re1 53. Qxd5 Qxe6
54. Qxe6+ Rxe6 55. Rc8 Re5 56. Nd2 Kf7 57. Rc7+ Kg8 58. Ne4 Ne6 59. Rc8+ Kf7 60.
Rc6 Rxh5 61. Kf2 Rd5 62. Ra6 g5 63. Ra7+ Kg6 64. Ra6 Kf5 65. Rc6 h5 66. Nd6+ Ke5
67. Nf7+ Kf6 68. Nd6 g4 69. Ne4+ Ke5 70. Rc8 g3+ 71. Ke1 Kd4 72. Re8 Ng5 73. Nf6
Re5+ 74. Rxe5 Kxe5 75. Nxh5 c4 76. Ke2 c3 77. Ng7 c2 78. Kd2 Nxf3+ 79. Kxc2 Ne1+
80. Kd2 Nxg2 81. Ke2 Nh4 82. Ne8 f3+ 83. Ke3 f2 84. Ke2 Nf3 85. Kd3 0-1

[Event "FIDE World Bl Team Pool A"]
[Site "London ENG"]
[Date "2025.06.14"]
[Round "11.4"]
[White "Smirin, Ilia"]
[Black "Maurizzi, Marc'Andria"]
[Result "0-1"]
[WhiteTitle "GM"]
[BlackTitle "GM"]
[WhiteElo "2564"]
[BlackElo "2607"]
[WhiteTeam "Ashdod Elit Chess Club"]
[BlackTeam "Knight Dance"]
[WhiteFideId "2801990"]
[BlackFideId "36083534"]
[EventDate "2025.06.14"]
[EventType "team"]

1. e4 e5 2. Nf3 d6 3. d4 exd4 4. Nxd4 Nf6 5. Nc3 g6 6. Bg5 Bg7 7. Nd5 h6 8.
Nxf6+ Bxf6 9. Bxf6 Qxf6 10. Qd2 Nc6 11. Bb5 Bd7 12. Bxc6 bxc6 13. O-O-O c5 14.
Nf3 Bg4 15. Qe3 Bxf3 16. gxf3 O-O 17. f4 Rab8 18. c3 Rb5 19. Rd2 Rfb8 20. e5 Qe6
21. Kb1 d5 22. h4 h5 23. Rg1 Ra5 24. a3 Rxa3 25. Qxc5 Qa6 26. Rgd1 Qa4 0-1

[Event "FIDE World Bl Team Pool A"]
[Site "London ENG"]
[Date "2025.06.14"]
[Round "11.5"]
[White "Roebers, Eline"]
[Black "Osmak, Yuliia"]
[Result "1-0"]
[WhiteTitle "IM"]
[BlackTitle "IM"]
[WhiteElo "2356"]
[BlackElo "2468"]
[WhiteTeam "Knight Dance"]
[BlackTeam "Ashdod Elit Chess Club"]
[WhiteFideId "1058401"]
[BlackFideId "14101602"]
[EventDate "2025.06.14"]
[EventType "team"]

1. e4 Nc6 2. Nc3 Nf6 3. Nf3 d6 4. d4 Bg4 5. Be3 e5 6. d5 Ne7 7. h3 Bd7 8. Qd2
Ng6 9. Bd3 Be7 10. Ne2 c6 11. c4 O-O 12. g4 Rc8 13. Ng3 Ne8 14. Nf5 cxd5 15.
cxd5 Nf4 16. Bxf4 exf4 17. Qxf4 Bf6 18. O-O Bxf5 19. exf5 Qa5 20. g5 Bxb2 21.
Rad1 Nc7 22. Qh4 f6 23. Rfe1 Rce8 24. Bc4 Qc3 25. g6 h6 26. Qf4 Re5 27. Bb3 Rfe8
28. Nxe5 fxe5 29. Qe3 Qb4 30. f6 gxf6 31. Qxh6 Re7 32. Re3 Rg7 33. Rf3 Ne8 34.
Rg3 Qe4 35. Rdd3 f5 36. Qg5 Bd4 37. Rdf3 Qe1+ 38. Kg2 e4 39. Rxf5 Qe2 40. Qd8 1-0

[Event "FIDE World Bl Team Pool A"]
[Site "London ENG"]
[Date "2025.06.14"]
[Round "11.6"]
[White "Sailaubay, Aldiyar"]
[Black "Phulpin, Theo"]
[Result "1-0"]
[WhiteElo "1910"]
[BlackElo "1773"]
[WhiteTeam "Ashdod Elit Chess Club"]
[BlackTeam "Knight Dance"]
[WhiteFideId "13729357"]
[BlackFideId "36001600"]
[EventDate "2025.06.14"]
[EventType "team"]

1. e4 c5 2. Nc3 d6 3. Nge2 Nf6 4. d4 cxd4 5. Nxd4 a6 6. Bd3 e6 7. Be3 b5 8. a3
Bb7 9. Qe2 Be7 10. f4 Nbd7 11. O-O O-O 12. Nb3 Rc8 13. Kh1 Nc5 14. Nxc5 dxc5 15.
e5 Nd5 16. Nxd5 Qxd5 17. Rad1 g6 18. c4 Qc6 19. cxb5 axb5 20. Bxb5 Qb6 21. Rd7
Rc7 22. Rxc7 Qxc7 23. Rd1 Bc6 24. Bc4 Rb8 25. b3 Qa5 26. a4 Qc3 27. Qd2 Qxd2 28.
Rxd2 Kf8 29. Kg1 Ke8 30. Kf2 Rb7 31. g3 Rd7 32. Rxd7 Kxd7 33. Ke2 Bd5 34. Kd3
Kc6 35. Kc3 Bd8 36. Bb5+ Kb6 37. Be8 f6 38. Bb5 fxe5 39. fxe5 Be7 40. Bh6 Ka5
41. Bg7 Bg5 42. Bf6 Be3 43. Bd8# 1-0

[Event "FIDE World Bl Team Pool A"]
[Site "London ENG"]
[Date "2025.06.14"]
[Round "11.1"]
[White "Oro, Faustino"]
[Black "Bjerre, Jonas Buhl"]
[Result "0-1"]
[WhiteTitle "IM"]
[BlackTitle "GM"]
[WhiteElo "2465"]
[BlackElo "2651"]
[WhiteTeam "Turkish Airlines Sports Club"]
[BlackTeam "¡Ållez-Y Initiative!"]
[WhiteFideId "20000197"]
[BlackFideId "1444948"]
[EventDate "2025.06.14"]
[EventType "team"]

1. e4 c5 2. Nf3 g6 3. d4 cxd4 4. Qxd4 Nf6 5. Nc3 Nc6 6. Qa4 d6 7. e5 dxe5 8.
Nxe5 Bd7 9. Nxd7 Nxd7 10. Be3 Bg7 11. Be2 O-O 12. Rd1 Qc8 13. O-O Bxc3 14. bxc3
Nf6 15. Rfe1 Qf5 16. Qb3 b6 17. h3 Rac8 18. c4 Na5 19. Qb4 Nc6 20. Qb3 Rfd8 21.
Bd3 Qa5 22. Bd2 Qc5 23. Be3 Qa5 24. Bd2 Qc5 25. Be3 Qh5 26. c5 bxc5 27. Be2 Rxd1
28. Bxd1 Qf5 29. Qb7 Qd7 30. Qb2 Nd4 31. c3 Nf5 32. Bg5 Nd5 33. Bg4 h5 34. Bf3
Nb6 35. Qc2 Nc4 36. g4 hxg4 37. hxg4 Ng7 38. Rxe7 Qd6 39. Qe2 Ne6 40. Bf6 Nd2
41. Bg2 Rb8 42. f4 Rb1+ 43. Kf2 Qxf4+ 44. Bf3 Qxf6 45. Re8+ Kg7 46. Qxd2 Ng5 47.
Re3 Qf4 48. Qe2 Nh3+ 49. Kg2 Rg1+ 0-1

[Event "FIDE World Bl Team Pool A"]
[Site "London ENG"]
[Date "2025.06.14"]
[Round "11.2"]
[White "Jacobsen, Mikkel Manosri"]
[Black "Ahmad, Khagan"]
[Result "0-1"]
[WhiteTitle "FM"]
[BlackTitle "IM"]
[WhiteElo "2223"]
[BlackElo "2394"]
[WhiteTeam "¡Ållez-Y Initiative!"]
[BlackTeam "Turkish Airlines Sports Club"]
[WhiteFideId "1444514"]
[BlackFideId "13431552"]
[EventDate "2025.06.14"]
[EventType "team"]

1. c4 e6 2. g3 d5 3. Bg2 Nf6 4. Nf3 Be7 5. O-O O-O 6. b3 a5 7. Nc3 c6 8. d4 Nbd7
9. Bb2 b6 10. Qd3 Ba6 11. e4 b5 12. exd5 bxc4 13. bxc4 cxd5 14. Ne5 Nxe5 15.
dxe5 Bxc4 16. Qd4 Bxf1 17. Bxf1 Nd7 18. a4 Qb6 19. Qd2 Nxe5 20. Nxd5 Nf3+ 21.
Kg2 Nxd2 22. Nxb6 Rab8 23. Bd4 Nb3 0-1